[A collection of seven housekeepers' books detailing income and expenditure for the household of a Mrs Sumner] (Record no. 114827)

MARC details
000 -LEADER
fixed length control field 00615ctm a22002055a 4500
001 - CONTROL NUMBER
control field L157539
008 - FIXED-LENGTH DATA ELEMENTS--GENERAL INFORMATION
fixed length control field 130114m17751785xxk f 000 0 eng d
035 ## - SYSTEM CONTROL NUMBER
System control number (Sirsi) u157539
041 0# - LANGUAGE CODE
Language code of text/sound track or separate title eng
100 1# - MAIN ENTRY--PERSONAL NAME
Personal name Everard, William
245 01 - TITLE STATEMENT
Title [A collection of seven housekeepers' books detailing income and expenditure for the household of a Mrs Sumner]
260 ## - PUBLICATION, DISTRIBUTION, ETC.
Date of publication, distribution, etc. 1775-1785
300 ## - PHYSICAL DESCRIPTION
Extent 7 v.
Other physical details manuscript
Dimensions 33 cm.
583 ## - ACTION NOTE
Action Condition reviewed
Time/date of action 20130114
Status condition level 2
651 #4 - SUBJECT ADDED ENTRY--GEOGRAPHIC NAME
Geographic name England
Chronological subdivision 886-
690 ## - LOCAL SUBJECT ADDED ENTRY--TOPICAL TERM (OCLC, RLIN)
Topical term or geographic name as entry element Business and management
700 1# - ADDED ENTRY--PERSONAL NAME
Personal name Brown, Mary
700 1# - ADDED ENTRY--PERSONAL NAME
Personal name Wise, E.
942 ## - ADDED ENTRY ELEMENTS (KOHA)
Suppress in OPAC 0
Holdings
Withdrawn status Lost status Source of classification or shelving scheme Damaged status Not for loan Home library Current library Shelving location Date acquired Total Checkouts Full call number Barcode Date last seen Copy number Price effective from Koha item type
    Dewey Decimal Classification     Historic collection Historic collection Historic collection 14/01/2013   FOLIO 1775 COLLECTION VOL. 1 30078717 06/08/2019 1 06/08/2019 Book
    Dewey Decimal Classification     Historic collection Historic collection Historic collection 14/01/2013   FOLIO 1775 COLLECTION VOL. 2 30078718 06/08/2019 1 06/08/2019 Book
    Dewey Decimal Classification     Historic collection Historic collection Historic collection 14/01/2013   FOLIO 1775 COLLECTION VOL. 3 30078721 06/08/2019 1 06/08/2019 Book
    Dewey Decimal Classification     Historic collection Historic collection Historic collection 14/01/2013   FOLIO 1775 COLLECTION VOL. 4 30078068 06/08/2019 1 06/08/2019 Book
    Dewey Decimal Classification     Historic collection Historic collection Historic collection 14/01/2013   FOLIO 1775 COLLECTION VOL. 5 30078064 06/08/2019 1 06/08/2019 Book
    Dewey Decimal Classification     Historic collection Historic collection Historic collection 14/01/2013   FOLIO 1775 COLLECTION VOL. 6 30078060 06/08/2019 1 06/08/2019 Book
    Dewey Decimal Classification     Historic collection Historic collection Historic collection 14/01/2013   FOLIO 1775 COLLECTION VOL. 7 30078056 06/08/2019 1 06/08/2019 Book